Central Library OPAC University of Rajshahi
Normal view MARC view

Entry Personal Name

Number of records used in: 2

001 - CONTROL NUMBER

  • control field: 365

003 - CONTROL NUMBER IDENTIFIER

  • control field: BD-RjUL

005 - DATE AND TIME OF LATEST TRANSACTION

  • control field: 20211226114604.0

008 - FIXED-LENGTH DATA ELEMENTS

  • fixed length control field: 211226|| aca||aabn | a|a d

040 ## - CATALOGING SOURCE

  • Original cataloging agency: BD-RjUL
  • Transcribing agency: BD-RjUL

100 ## - HEADING--PERSONAL NAME

  • Personal name: Danispazuh, Mohammad Taqi ;; دانش پژوه٬ محمد تقى

670 ## - SOURCE DATA FOUND

  • Source citation: Work cat.: (BD-RjUL)79063: Danispazuh, Mohammad Taqi ;; دانش پژوه٬ محمد تقى , فهرست کتابخانه اهدائى آقاى سىد محمد مشکوة به کتابخانه دانشگاه تهران ;; List of Library donated by Mr. Seyed Mohammad Meshkooh to the University of Tehran Library / , 1953 [=1332]